| 000 | 01119nam a22003017a 4500 | ||
|---|---|---|---|
| 001 | 5232 | ||
| 003 | FISKH | ||
| 005 | 20241120130029.0 | ||
| 008 | 241120b cb ||||| |||| 00| 0 eng d | ||
| 020 | _a9781407111810 | ||
| 040 |
_aFISKH _beng _cFISKH _dFISKH |
||
| 082 | _a960 | ||
| 100 | _aSimpson, Margaret | ||
| 245 |
_aCleopatra And Her Angry Asp / _cby Margaret Simpson |
||
| 260 |
_aNew York : _bScholastic ; _c2000. |
||
| 300 |
_a192 pages : _billustrations ; _c21 cm . |
||
| 490 | _aHorribly Famous | ||
| 505 | _aU | ||
| 520 | _aEverybody's heard of Cleopatra-she's the most horribly famous of all of Egypt's queens. In this book readers can discover everything they didn't know and never imagined, such as how Cleopatra married both her brothers and had her younger sister killed. Even though she's dead, Cleo's still full of surprises! | ||
| 521 | 8 |
_a860
_bLexile |
|
| 521 | 8 |
_aU
_bRaz-Plus |
|
| 650 |
_aEgypt _vnon-fiction |
||
| 650 |
_achildren _vnon-fiction |
||
| 650 |
_ahistory _vnon-fiction |
||
| 700 |
_aReeve, Philip _eillustrator |
||
| 942 |
_2ddc _cBK _n0 |
||
| 999 |
_c5232 _d5232 |
||